Injil Muqadas Ke Chand Cheda Mazamin Ma Hawalajat. (Record no. 4323)

MARC details
000 -LEADER
fixed length control field 00402nam a2200145 a 4500
082 00 - DEWEY DECIMAL CLASSIFICATION NUMBER
Classification number 220.3
Author Cutter PUB
100 ## - MAIN ENTRY--AUTHOR NAME
Author name Panjab religion Book Society
245 ## - TITLE STATEMENT
Title Injil Muqadas Ke Chand Cheda Mazamin Ma Hawalajat.
260 ## - PUBLICATION, DISTRIBUTION, ETC. (IMPRINT)
Place of publication Lahore
Name of publisher Punjab Religious Book society
Year of publication 1928
300 ## - PHYSICAL DESCRIPTION
Number of Pages 20
500 ## - GENERAL NOTE
General note includes index and biblioraphy
505 2# - FORMATTED CONTENTS NOTE
Formatted contents note bibliography
650 ## - SUBJECT ADDED ENTRY--TOPICAL TERM
Topical Term Bible-Dictionaries
942 ## - ADDED ENTRY ELEMENTS (KOHA)
Koha item type Books
Holdings
Home library Current library Date acquired Cost, normal purchase price Full call number Accession Number Koha item type
Henry Martyn Institute Library Henry Martyn Institute Library   100.00 220.3 PUB 8880 Archive Book
Henry Martyn Institute Library Henry Martyn Institute Library   100.00 220.3 PUB 11148 Archive Book
                   Copyright © 2026 | Henry Martyn Institute | Hyderabad | TS-500052 | INDIA | Implemented by hmi.edu.in
Hit-Count:

Powered by Koha